[Event "10th Philadelphia Open"]
[Site "Philadelphia"]
[Date "2016.03.23"]
[Round "1"]
[White "King, Alexander"]
[Black "Panchanathan, Magesh"]
[Result "0-1"]
[WhiteElo "2238"]
[BlackElo "2550"]
[PlyCount "94"]
[EventDate "2016.03.??"]
[EventType "swiss"]
[EventRounds "9"]
[EventCountry "USA"]
[Source "MonRoi"]

1. d4 Nf6 2. c4 e6 3. Nc3 Bb4 4. e3 O-O 5. Bd3 d5 6. Nf3 c5 7. O-O Nc6 8. a3
Bxc3 9. bxc3 Qc7 10. cxd5 exd5 11. a4 Re8 12. h3 c4 13. Bc2 Ne4 14. Bxe4 Rxe4
15. Nd2 Re8 16. Qf3 Be6 17. e4 dxe4 18. Nxe4 Ne7 19. Bf4 Qc6 20. Nd6 Qxf3 21.
gxf3 Red8 22. Nxb7 Rd5 23. Rfe1 Rf5 24. Bg3 Rxf3 25. Nc5 Nf5 26. Nxe6 fxe6 27.
Rxe6 Rxc3 28. Be5 Rf8 29. Rc6 h5 30. Rb1 Rf7 31. d5 Rxh3 32. Rxc4 Rd3 33. Rb8+
Kh7 34. Rd8 Re7 35. Bc3 Re2 36. Rf8 Rf3 37. Rc7 Rexf2 38. Rxf5 Rxf5 39. Rxg7+
Kh6 40. Rxa7 Rf1+ 41. Kg2 R5f2+ 42. Kg3 Rf3+ 43. Kg2 h4 44. Bg7+ Kg6 45. Be5
h3+ 46. Kh2 R1f2+ 47. Kh1 Re2 0-1

[Event "10th Philadelphia Open"]
[Site "Philadelphia"]
[Date "2016.03.23"]
[Round "1"]
[White "Toolin, Christopher"]
[Black "Indjic, Aleksandar"]
[Result "0-1"]
[WhiteElo "2220"]
[BlackElo "2542"]
[PlyCount "76"]
[EventDate "2016.03.??"]
[EventType "swiss"]
[EventRounds "9"]
[EventCountry "USA"]
[Source "MonRoi"]

1. d4 Nf6 2. c4 c5 3. Nf3 cxd4 4. Nxd4 a6 5. Nc3 e6 6. e4 Qc7 7. a3 b6 8. Be2
Bb7 9. f3 d6 10. Be3 Be7 11. O-O Nbd7 12. Qd2 O-O 13. Rfd1 Rac8 14. Rac1 Qb8
15. b4 Rfe8 16. Kh1 h5 17. Bf1 h4 18. Na4 h3 19. Nb3 Bc6 20. Nc3 Ne5 21. b5
axb5 22. cxb5 Ba8 23. a4 d5 24. a5 dxe4 25. f4 Nd3 26. Bxb6 Nxc1 27. Rxc1 Bb4
28. Bd4 e3 29. Qxe3 hxg2+ 30. Bxg2 Bxc3 31. Rxc3 Bxg2+ 32. Kxg2 Rxc3 33. Bxc3
Nd5 34. Qe5 Nxc3 35. Qxc3 Qxb5 36. Nd4 Qd5+ 37. Kf2 e5 38. Nf5 Qe4 0-1

[Event "10th Philadelphia Open"]
[Site "Philadelphia"]
[Date "2016.03.23"]
[Round "1"]
[White "Margvelashvili, Giorgi"]
[Black "Prilleltensky, Matan"]
[Result "1/2-1/2"]
[WhiteElo "2532"]
[BlackElo "2215"]
[PlyCount "116"]
[EventDate "2016.03.??"]
[EventType "swiss"]
[EventRounds "9"]
[EventCountry "USA"]
[Source "MonRoi"]

1. d4 d5 2. c4 c6 3. Nf3 Nf6 4. Qb3 dxc4 5. Qxc4 Bg4 6. Nbd2 Nbd7 7. g3 Qc7 8.
Bg2 Rd8 9. O-O e5 10. dxe5 Nxe5 11. Nxe5 Qxe5 12. Qb3 Qc7 13. Nc4 Be6 14. Qc2
Be7 15. e4 O-O 16. Be3 b6 17. h3 Rfe8 18. Rac1 c5 19. a4 h6 20. f4 Bf8 21. Bf2
Bc8 22. Rfe1 Bb7 23. Re2 Qb8 24. Rce1 Qa8 25. Kh2 Nd7 26. Bg1 Nb8 27. a5 b5 28.
Ne5 c4 29. b3 Bb4 30. Ra1 Bd6 31. bxc4 Bxe5 32. fxe5 bxc4 33. Qc3 Ba6 34. e6
Rxe6 35. e5 Bb7 36. Bxb7 Qxb7 37. Qxc4 Nc6 38. a6 Qb8 39. Qf4 Nxe5 40. Raa2 Rd3
41. Bxa7 Qxa7 42. Rxe5 Rd1 43. Qe3 Qxe3 44. Rxe3 Rxe3 45. a7 Rd8 46. a8=Q Rxa8
47. Rxa8+ Kh7 48. Kg2 Rb3 49. Ra6 g5 50. g4 Kg7 51. Rc6 f6 52. Ra6 Kg6 53. Rc6
Rb4 54. Kg3 Rb8 55. Ra6 Rd8 56. Rb6 Rd7 57. Rc6 Rf7 58. h4 gxh4+ 1/2-1/2

[Event "10th Philadelphia Open"]
[Site "Philadelphia"]
[Date "2016.03.23"]
[Round "1"]
[White "Feng, Maggie"]
[Black "Chirila, Ioan"]
[Result "0-1"]
[WhiteElo "2213"]
[BlackElo "2524"]
[PlyCount "74"]
[EventDate "2016.03.??"]
[EventType "swiss"]
[EventRounds "9"]
[EventCountry "USA"]
[Source "MonRoi"]

1. Nf3 Nf6 2. g3 g6 3. b3 Bg7 4. Bb2 O-O 5. Bg2 c5 6. c4 Nc6 7. O-O d6 8. d4
cxd4 9. Nxd4 Bd7 10. Nc2 Qa5 11. Nc3 Qh5 12. e4 Bg4 13. f3 Bh3 14. Rb1 Bxg2 15.
Kxg2 e6 16. f4 Qa5 17. Qf3 a6 18. Rfd1 Rfd8 19. Rd3 b5 20. Rbd1 bxc4 21. Rxd6
cxb3 22. axb3 Rxd6 23. Rxd6 Ne7 24. b4 Qc7 25. Qd3 Nfd5 26. Nxd5 Nxd5 27. Rxd5
exd5 28. Bxg7 dxe4 29. Qxe4 Rc8 30. Ne3 Kxg7 31. Qd4+ f6 32. Nd5 Qc6 33. Qe4
Re8 34. Qf3 Rd8 35. Ne3 Rd2+ 36. Kh3 Qxf3 37. Ng4 h5 0-1

[Event "10th Philadelphia Open"]
[Site "Philadelphia"]
[Date "2016.03.23"]
[Round "1"]
[White "Friedel, Joshua"]
[Black "Betaneli, Alexander"]
[Result "1-0"]
[WhiteElo "2519"]
[BlackElo "2201"]
[PlyCount "89"]
[EventDate "2016.03.??"]
[EventType "swiss"]
[EventRounds "9"]
[EventCountry "USA"]
[Source "MonRoi"]

1. Nf3 d5 2. e3 Nf6 3. b3 e6 4. Bb2 Bd6 5. c4 O-O 6. g3 c6 7. Bg2 b5 8. cxb5
cxb5 9. O-O Nbd7 10. d3 Bb7 11. Nbd2 Qe7 12. Nd4 a6 13. a3 Ne5 14. Qe2 Nc6 15.
N2f3 Rac8 16. Nxc6 Rxc6 17. Nd4 Rc7 18. e4 dxe4 19. dxe4 Nd7 20. Rfd1 Rfc8 21.
b4 g6 22. Nb3 Rc2 23. Rd2 Rxb2 24. Rxb2 Be5 25. Rd1 Bxb2 26. Qxb2 Nb6 27. Qd4
Nc4 28. Nc5 a5 29. Qa1 Bc6 30. Bf1 axb4 31. axb4 Rd8 32. Rxd8+ Qxd8 33. Bxc4
bxc4 34. Qa6 c3 35. Qxc6 c2 36. Nb3 Qd3 37. Qa8+ Kg7 38. Qa1+ Kg8 39. Nc1 Qd1+
40. Kg2 Qe1 41. Qb2 Qxe4+ 42. f3 Qe1 43. Qxc2 Qxb4 44. Nd3 Qd4 45. Nc5 1-0

[Event "10th Philadelphia Open"]
[Site "Philadelphia"]
[Date "2016.03.23"]
[Round "1"]
[White "Li, Ruifeng"]
[Black "Miyasaka, Marcus"]
[Result "1-0"]
[WhiteElo "2486"]
[BlackElo "2192"]
[PlyCount "87"]
[EventDate "2016.03.??"]
[EventType "swiss"]
[EventRounds "9"]
[EventCountry "USA"]
[Source "MonRoi"]

1. e4 c6 2. Nc3 d5 3. Nf3 Bg4 4. h3 Bxf3 5. Qxf3 Nf6 6. d4 dxe4 7. Qe3 e6 8.
Nxe4 Nxe4 9. Qxe4 Qd5 10. Qe3 c5 11. dxc5 Bxc5 12. Qd3 O-O 13. Bf4 Rd8 14. Qxd5
Rxd5 15. c3 Nc6 16. Be2 e5 17. Bg3 e4 18. Bc4 Rd7 19. Rd1 Rad8 20. Ke2 Kf8 21.
Rxd7 Rxd7 22. Rd1 Rxd1 23. Kxd1 Ke7 24. b4 Bb6 25. Ke2 f5 26. h4 Kf6 27. Bd5 a6
28. Bd6 g6 29. a4 h6 30. Bf8 g5 31. h5 Bc7 32. b5 axb5 33. axb5 Nd8 34. c4 b6
35. g3 Bb8 36. c5 Bc7 37. c6 Be5 38. Bxh6 Bd6 39. Bf8 Bc7 40. h6 Kg6 41. Bg8
Nf7 42. Bxf7+ Kxf7 43. h7 Be5 44. c7 1-0

[Event "10th Philadelphia Open"]
[Site "Philadelphia"]
[Date "2016.03.23"]
[Round "1"]
[White "Mulyar, Michael"]
[Black "Zaloznyy, Mike"]
[Result "1-0"]
[WhiteElo "2398"]
[BlackElo "2150"]
[PlyCount "99"]
[EventDate "2016.03.??"]
[EventType "swiss"]
[EventRounds "9"]
[EventCountry "USA"]
[Source "MonRoi"]

1. d4 d5 2. c4 e6 3. Nf3 Nf6 4. g3 Bb4+ 5. Nc3 Ne4 6. Bd2 Bxc3 7. bxc3 O-O 8.
Bg2 Nd7 9. O-O c6 10. cxd5 exd5 11. c4 dxc4 12. Qc2 Nxd2 13. Nxd2 Nb6 14. e3
Be6 15. a4 a5 16. Rfb1 Ra6 17. Rb2 f5 18. Bf1 Qd5 19. Rab1 c3 20. Rxb6 Rxb6 21.
Rxb6 cxd2 22. Qxd2 f4 23. Rxb7 fxg3 24. hxg3 Bg4 25. Qb2 Bd1 26. Rb8 h5 27.
Rxf8+ Kxf8 28. Qb8+ Kf7 29. Bg2 Qd7 30. Qe5 h4 31. Qxa5 hxg3 32. fxg3 Qe6 33.
Qc7+ Kf8 34. Qf4+ Kg8 35. a5 Be2 36. Qb8+ Kh7 37. Qb1+ g6 38. Qe4 Qa2 39. Qe7+
Kh6 40. Qf8+ Kh7 41. Qe7+ Kh6 42. Qf8+ Kh7 43. Be4 Bc4 44. Qe7+ Kh6 45. Qf6
Qa1+ 46. Kh2 Qa2+ 47. Kh3 Be6+ 48. g4 Bxg4+ 49. Kxg4 Qe2+ 50. Bf3 1-0

[Event "10th Philadelphia Open"]
[Site "Philadelphia"]
[Date "2016.03.23"]
[Round "1"]
[White "Ostrovskiy, Aleksandr"]
[Black "Paul, Justin"]
[Result "1-0"]
[WhiteElo "2387"]
[BlackElo "2145"]
[PlyCount "83"]
[EventDate "2016.03.??"]
[EventType "swiss"]
[EventRounds "9"]
[EventCountry "USA"]
[Source "MonRoi"]

1. e4 e6 2. d4 d5 3. Nc3 Bb4 4. e5 c5 5. a3 Bxc3+ 6. bxc3 Ne7 7. Qg4 O-O 8. Bd3
Nbc6 9. Qh4 Ng6 10. Qxd8 Rxd8 11. Bg5 f6 12. exf6 gxf6 13. Bxf6 Rf8 14. Bg5
cxd4 15. Ne2 dxc3 16. Nxc3 Nge5 17. f4 Nxd3+ 18. cxd3 Nd4 19. Rb1 b6 20. Kd2
Kf7 21. Rhf1 Bd7 22. g4 Rg8 23. h3 h5 24. Ke3 Nc2+ 25. Kd2 Rac8 26. Kxc2 d4 27.
Rb4 Rxc3+ 28. Kd2 Rxa3 29. Rxd4 Ra2+ 30. Ke3 Bc6 31. Rc1 Bd5 32. gxh5 Rh2 33.
Rc7+ Kf8 34. h4 Rh3+ 35. Kd2 Rh2+ 36. Ke3 Rh3+ 37. Kd2 Rh2+ 38. Kc3 Rh1 39.
Rxa7 Rc1+ 40. Kd2 Rb1 41. h6 Rb2+ 42. Ke3 1-0

[Event "10th Philadelphia Open"]
[Site "Philadelphia"]
[Date "2016.03.23"]
[Round "1"]
[White "Balakrishnan, Praveen"]
[Black "Perez-billinghurst, Ricardo"]
[Result "1-0"]
[WhiteElo "2377"]
[BlackElo "2123"]
[PlyCount "73"]
[EventDate "2016.03.??"]
[EventType "swiss"]
[EventRounds "9"]
[EventCountry "USA"]
[Source "MonRoi"]

1. g3 Nf6 2. Bg2 g6 3. c4 Bg7 4. Nc3 O-O 5. e4 d6 6. Nge2 e5 7. d3 Nbd7 8. O-O
c6 9. h3 a6 10. f4 b5 11. f5 b4 12. Na4 Kh8 13. g4 Ng8 14. Qe1 Bf6 15. Qxb4 Rb8
16. Qd2 h6 17. Qc2 Bg5 18. Kh2 Bb7 19. Ng1 d5 20. Bxg5 Qxg5 21. exd5 cxd5 22.
cxd5 Rfc8 23. Nc3 Ba8 24. Qe2 Rb4 25. Ne4 Qd8 26. Nd6 Qf8 27. Nxc8 Qxc8 28.
fxg6 fxg6 29. Be4 Ndf6 30. a3 Rb3 31. Nf3 Qb8 32. Rf2 Bxd5 33. Bxd5 e4+ 34. Kh1
Nxd5 35. Qxe4 Ndf6 36. Qd4 Qg3 37. Ne5 1-0

[Event "10th Philadelphia Open"]
[Site "Philadelphia"]
[Date "2016.03.23"]
[Round "1"]
[White "Gutman, Joshua"]
[Black "Colas, Joshua"]
[Result "0-1"]
[WhiteElo "2115"]
[BlackElo "2374"]
[PlyCount "128"]
[EventDate "2016.03.??"]
[EventType "swiss"]
[EventRounds "9"]
[EventCountry "USA"]
[Source "MonRoi"]

1. d4 Nf6 2. c4 e6 3. g3 d5 4. Nf3 Bb4+ 5. Bd2 Be7 6. Bg2 O-O 7. O-O Nbd7 8.
Qc2 c6 9. Bf4 b6 10. Ne5 Nxe5 11. dxe5 Nd7 12. h4 Ba6 13. Nd2 Rc8 14. Rfd1 Qc7
15. Rac1 Qb8 16. Qc3 Rfd8 17. b3 h6 18. Nf3 Nf8 19. g4 c5 20. Bg3 d4 21. Qd2
Bb7 22. h5 Nd7 23. Re1 Qa8 24. Rcd1 a6 25. Kh2 b5 26. Rg1 Nb6 27. g5 hxg5 28.
Nxg5 Bxg2 29. Rxg2 Nd7 30. Bf4 Bxg5 31. Rxg5 Kh8 32. Rdg1 Rg8 33. Qd3 Rc7 34.
Qg3 Qf8 35. Rg4 Rc8 36. Qd3 Qe8 37. h6 g6 38. cxb5 axb5 39. Qxb5 Nf6 40. Qd3
Nxg4+ 41. Rxg4 Kh7 42. Bg5 Qc6 43. Qg3 Qd5 44. Qf4 f5 45. exf6 e5 46. Qe4 Qf7
47. Rg1 Rgd8 48. Rg3 Ra8 49. a4 Rac8 50. Bh4 c4 51. bxc4 Rxc4 52. Rd3 Rxa4 53.
Qxe5 Ra7 54. e3 Rd5 55. Qe4 Rh5 56. Kg2 dxe3 57. Rxe3 Kxh6 58. Rf3 Kh7 59. Bg3
Qd7 60. Be5 Qd1 61. Rh3 Rxh3 62. Kxh3 Qf1+ 63. Qg2 Qe2 64. Qg4 Qxe5 0-1

[Event "10th Philadelphia Open"]
[Site "Philadelphia"]
[Date "2016.03.24"]
[Round "2"]
[White "Colas, Joshua"]
[Black "Sevian, Samuel"]
[Result "1/2-1/2"]
[WhiteElo "2374"]
[BlackElo "2580"]
[PlyCount "86"]
[EventDate "2016.03.??"]
[EventType "swiss"]
[EventRounds "9"]
[EventCountry "USA"]
[Source "MonRoi"]

1. Nf3 d5 2. g3 c6 3. Bg2 Bg4 4. O-O Nd7 5. d4 e6 6. Nbd2 Ngf6 7. c4 Be7 8. b3
O-O 9. Bb2 a5 10. a3 Bh5 11. h3 b5 12. g4 Bg6 13. Ne5 Nxe5 14. dxe5 Nd7 15.
cxd5 cxd5 16. e4 Nc5 17. exd5 exd5 18. f4 Bd3 19. Re1 Rc8 20. Qf3 Be4 21. Nxe4
dxe4 22. Qe2 Nd3 23. Red1 Qb6+ 24. Kh2 Qh6 25. Rf1 Nxf4 26. Qxe4 Nxh3 27. Bxh3
Qd2+ 28. Qg2 Rc2 29. Bd4 Rd8 30. Qxd2 Rxd2+ 31. Bf2 Bc5 32. Kg1 Rxf2 33. Rxf2
Rd2 34. Raf1 Rb2 35. Kg2 Bxf2 36. Rxf2 Rxb3 37. e6 fxe6 38. g5 Re3 39. Rb2 Kf7
40. Rxb5 Rxa3 41. Rb7+ Kg6 42. Bxe6 Kxg5 43. Bg8 h5 1/2-1/2

[Event "10th Philadelphia Open"]
[Site "Philadelphia"]
[Date "2016.03.24"]
[Round "2"]
[White "Panchanathan, Magesh"]
[Black "Mandizha, Farai"]
[Result "1/2-1/2"]
[WhiteElo "2550"]
[BlackElo "2364"]
[PlyCount "118"]
[EventDate "2016.03.??"]
[EventType "swiss"]
[EventRounds "9"]
[EventCountry "USA"]
[Source "MonRoi"]

1. e4 c5 2. Nf3 d6 3. d4 cxd4 4. Nxd4 Nf6 5. Nc3 a6 6. Be2 e5 7. Nb3 Be7 8. O-O
O-O 9. Bg5 Nbd7 10. a4 h6 11. Bxf6 Nxf6 12. Bc4 Be6 13. Qd3 Bxc4 14. Qxc4 Rc8
15. Qd3 Qc7 16. Rfd1 Rfd8 17. a5 d5 18. exd5 Bb4 19. Ne4 Nxd5 20. Qf3 Nf4 21.
c3 Be7 22. g3 Ne6 23. Nbd2 Rf8 24. g4 Nf4 25. Nf1 Rcd8 26. Ne3 Rxd1+ 27. Rxd1
Rd8 28. b4 Qc6 29. Rxd8+ Bxd8 30. Ng2 Nh3+ 31. Kf1 Qc4+ 32. Qe2 Qd5 33. Qf3
Qc4+ 34. Ke1 Ng5 35. Nxg5 Bxg5 36. Qxb7 e4 37. Qd7 Qxc3+ 38. Ke2 Qc4+ 39. Kd1
g6 40. Ne3 Qb3+ 41. Ke2 Bxe3 42. fxe3 Qc4+ 43. Kf2 Qxb4 44. Qc8+ Kg7 45. Qxa6
Qd2+ 46. Kf1 Qd1+ 47. Kf2 Qf3+ 48. Ke1 Qxe3+ 49. Qe2 Qg1+ 50. Qf1 Qxh2 51. a6
Qb2 52. Qe2 Qa1+ 53. Kf2 f5 54. gxf5 gxf5 55. Kg2 Qa3 56. Kh2 h5 57. Qb5 h4 58.
Qd7+ Kg6 59. a7 Qg3+ 1/2-1/2

[Event "10th Philadelphia Open"]
[Site "Philadelphia"]
[Date "2016.03.24"]
[Round "2"]
[White "Morrison, William"]
[Black "Berczes, David"]
[Result "1/2-1/2"]
[WhiteElo "2281"]
[BlackElo "2482"]
[PlyCount "90"]
[EventDate "2016.03.??"]
[EventType "swiss"]
[EventRounds "9"]
[EventCountry "USA"]
[Source "MonRoi"]

1. e4 e5 2. Nf3 Nc6 3. Bc4 Bc5 4. c3 Nf6 5. d3 a6 6. O-O d6 7. a4 h6 8. b4 Bb6
9. a5 Ba7 10. Qb3 O-O 11. Be3 Ne7 12. Bxa7 Rxa7 13. Nbd2 Ng6 14. d4 Bg4 15.
Rfe1 Nh7 16. h3 Bd7 17. Rad1 Qf6 18. dxe5 dxe5 19. Re3 Raa8 20. Nf1 Bc6 21. g3
Bxe4 22. Rxe4 Qxf3 23. Re3 Qh5 24. Rd7 Ng5 25. Rxc7 Nxh3+ 26. Kg2 Ng5 27. Be2
Qh3+ 28. Kg1 e4 29. Nh2 Qf5 30. Bg4 Qf6 31. Rxb7 Ne5 32. Rb6 Qe7 33. Be2 Kh8
34. Qd5 Rfd8 35. Qc5 Qxc5 36. bxc5 Rac8 37. c6 Nxc6 38. Bxa6 Rc7 39. Rb5 Ra7
40. Bb7 Nxa5 41. Bxe4 Nc4 42. Re2 Nd6 43. Rd5 Ngxe4 44. Rxe4 Nxe4 45. Rxd8+ Kh7
1/2-1/2

[Event "10th Philadelphia Open"]
[Site "Philadelphia"]
[Date "2016.03.24"]
[Round "2"]
[White "Javakhadze, Zurab"]
[Black "Garcia, Erick"]
[Result "1-0"]
[WhiteElo "2453"]
[BlackElo "2246"]
[PlyCount "107"]
[EventDate "2016.03.??"]
[EventType "swiss"]
[EventRounds "9"]
[EventCountry "USA"]
[Source "MonRoi"]

1. Nf3 d5 2. g3 Bg4 3. Bg2 c6 4. d3 Nf6 5. Nbd2 Nbd7 6. O-O e5 7. e4 dxe4 8.
dxe4 h6 9. h3 Be6 10. Qe2 Bc5 11. b3 b5 12. a4 a6 13. Bb2 Bd6 14. Rfd1 Qb8 15.
Nf1 O-O 16. axb5 cxb5 17. Nh4 Rc8 18. Ne3 Qc7 19. c4 bxc4 20. bxc4 Bf8 21. Rac1
Qa5 22. Nd5 Rab8 23. Nf3 Nxe4 24. Nxe5 Nec5 25. Ra1 Qd8 26. Nf4 Qb6 27. Bd4
Nxe5 28. Bxe5 Nb3 29. Nxe6 Qxe6 30. Bd5 Qg6 31. Bxb8 Nxa1 32. Bf4 Nb3 33. Bb7
Nd4 34. Qa2 Rd8 35. Kg2 Bc5 36. Qxa6 Qxa6 37. Bxa6 g5 38. Be3 Kg7 39. Bb7 Kf6
40. Bd5 Ne6 41. Bxc5 Nxc5 42. Rb1 Rd7 43. Rb6+ Ne6 44. Kf3 Ke5 45. Kg4 Rd8 46.
Kh5 Kf6 47. Bxe6 fxe6 48. Rb7 Rc8 49. Rh7 Rxc4 50. Rxh6+ Kf5 51. g4+ Ke5 52.
Kxg5 Rc8 53. f4+ Kd5 54. Rg6 1-0

[Event "10th Philadelphia Open"]
[Site "Philadelphia"]
[Date "2016.03.24"]
[Round "2"]
[White "Kumar, Aravind"]
[Black "Mulyar, Michael"]
[Result "1/2-1/2"]
[WhiteElo "2246"]
[BlackElo "2398"]
[PlyCount "32"]
[EventDate "2016.03.??"]
[EventType "swiss"]
[EventRounds "9"]
[EventCountry "USA"]
[Source "MonRoi"]

1. d4 d5 2. c4 c6 3. Nc3 Nf6 4. e3 e6 5. Nf3 Nbd7 6. Qc2 Bd6 7. Bd3 dxc4 8.
Bxc4 O-O 9. O-O b5 10. Be2 Bb7 11. e4 e5 12. dxe5 Nxe5 13. Nd4 Neg4 14. g3 Re8
15. Nf5 Bc5 16. Bf4 Qb6 1/2-1/2

[Event "10th Philadelphia Open"]
[Site "Philadelphia"]
[Date "2016.03.24"]
[Round "2"]
[White "Jacobson, Brandon"]
[Black "Ostrovskiy, Aleksandr"]
[Result "1/2-1/2"]
[WhiteElo "2241"]
[BlackElo "2387"]
[PlyCount "58"]
[EventDate "2016.03.??"]
[EventType "swiss"]
[EventRounds "9"]
[EventCountry "USA"]
[Source "MonRoi"]

1. e4 c6 2. Nc3 d5 3. Nf3 Nf6 4. e5 Ne4 5. Ne2 Qb6 6. d4 e6 7. Nfg1 f6 8. f3
Ng5 9. exf6 gxf6 10. f4 Nf7 11. Nf3 Bg7 12. Ng3 O-O 13. Nh4 f5 14. c3 Nd7 15.
Nh5 Nf6 16. Nxg7 Kxg7 17. Qf3 Kh8 18. h3 Rg8 19. g4 fxg4 20. hxg4 Rxg4 21. Bd3
Rg7 22. b3 Nd6 23. f5 exf5 24. Bf4 c5 25. Be5 Nf7 26. Nxf5 Bxf5 27. Qxf5 Nxe5
28. dxe5 Ne4 29. O-O-O Qg6 1/2-1/2

[Event "10th Philadelphia Open"]
[Site "Philadelphia"]
[Date "2016.03.24"]
[Round "2"]
[White "Bennett, David"]
[Black "Balakrishnan, Praveen"]
[Result "0-1"]
[WhiteElo "2103"]
[BlackElo "2377"]
[PlyCount "80"]
[EventDate "2016.03.??"]
[EventType "swiss"]
[EventRounds "9"]
[EventCountry "USA"]
[Source "MonRoi"]

1. c4 c5 2. b3 Nc6 3. g3 g6 4. Bb2 e5 5. Bg2 Bg7 6. Nc3 Nge7 7. d3 O-O 8. e3 d6
9. Nge2 a6 10. O-O Rb8 11. Qd2 b5 12. Nd5 Nxd5 13. cxd5 Ne7 14. b4 cxb4 15.
Qxb4 a5 16. Qd2 b4 17. d4 Ba6 18. dxe5 dxe5 19. Rfd1 Nf5 20. Rac1 Nd6 21. Rc6
Bb5 22. Qc2 Bxc6 23. dxc6 Qc7 24. Bd5 Rfd8 25. e4 Kh8 26. f4 f6 27. Kg2 Nc8 28.
fxe5 fxe5 29. Rf1 Ne7 30. Nf4 exf4 31. Bxg7+ Kxg7 32. Qb2+ Kh6 33. Rxf4 Nxd5
34. Rh4+ Kg5 35. Qd2+ Nf4+ 36. gxf4+ Kxh4 37. Qe3 Rd3 38. Qxd3 Qxf4 39. Qh3+
Kg5 40. c7 Rf8 0-1

[Event "10th Philadelphia Open"]
[Site "Philadelphia"]
[Date "2016.03.24"]
[Round "2"]
[White "Indjic, Aleksandar"]
[Black "Hilby, Craig"]
[Result "1/2-1/2"]
[WhiteElo "2542"]
[BlackElo "2343"]
[PlyCount "42"]
[EventDate "2016.03.??"]
[EventType "swiss"]
[EventRounds "9"]
[EventCountry "USA"]
[Source "MonRoi"]

1. c4 Nf6 2. Nc3 c5 3. Nf3 Nc6 4. g3 d5 5. d4 cxd4 6. Nxd4 dxc4 7. Nxc6 Qxd1+
8. Nxd1 bxc6 9. Bg2 Nd5 10. Ne3 e6 11. Nxc4 Ba6 12. b3 Bb4+ 13. Bd2 Ke7 14. Rc1
Rac8 15. Bxb4+ Nxb4 16. Na5 Nxa2 17. Ra1 Nb4 18. Nxc6+ Nxc6 19. Rxa6 Nd4 20.
Rxa7+ Kf6 21. Rb7 Rb8 1/2-1/2

[Event "10th Philadelphia Open"]
[Site "Philadelphia"]
[Date "2016.03.24"]
[Round "2"]
[White "Chirila, Ioan"]
[Black "Schmakel, Sam"]
[Result "1-0"]
[WhiteElo "2524"]
[BlackElo "2323"]
[PlyCount "71"]
[EventDate "2016.03.??"]
[EventType "swiss"]
[EventRounds "9"]
[EventCountry "USA"]
[Source "MonRoi"]

1. d4 f5 2. Bf4 Nf6 3. e3 g6 4. h4 d6 5. h5 Nxh5 6. Rxh5 gxh5 7. Qxh5+ Kd7 8.
Qxf5+ e6 9. Qd3 c6 10. Nf3 Qa5+ 11. Nbd2 b6 12. Ne5+ Kc7 13. Nf7 Ba6 14. Qe4
Rg8 15. Bxa6 Qxa6 16. Ng5 Rxg5 17. Bxg5 Qb5 18. Qf4 Nd7 19. O-O-O Qd5 20. f3 h6
21. Bxh6 Bxh6 22. Qxh6 Qxa2 23. Nb3 Re8 24. Qg6 Re7 25. Rh1 Qa6 26. Kd2 Qb5 27.
Rh8 Qf1 28. Nc1 c5 29. Qg8 Kc6 30. Ne2 Nf6 31. Qf8 Rf7 32. Qc8+ Kb5 33. Qxe6
Rg7 34. Rh2 Rf7 35. Nc3+ Ka5 36. Qa2+ 1-0

[Event "10th Philadelphia Open"]
[Site "Philadelphia"]
[Date "2016.03.24"]
[Round "2"]
[White "Wang, Kevin"]
[Black "Friedel, Joshua"]
[Result "1-0"]
[WhiteElo "2323"]
[BlackElo "2519"]
[PlyCount "71"]
[EventDate "2016.03.??"]
[EventType "swiss"]
[EventRounds "9"]
[EventCountry "USA"]
[Source "MonRoi"]

1. e4 e5 2. Nf3 Nc6 3. Bc4 Nf6 4. d3 Be7 5. O-O O-O 6. Re1 d6 7. a4 Kh8 8. a5
a6 9. Nc3 h6 10. h3 Nh7 11. Nd5 f5 12. c3 Bf6 13. b4 g5 14. d4 fxe4 15. Rxe4
Bg7 16. dxe5 dxe5 17. Ba3 Bf5 18. Re3 e4 19. Nd2 Re8 20. Bb3 Nf6 21. Nf1 Nxd5
22. Bxd5 Qd7 23. Ng3 Rad8 24. Bb3 Bg6 25. Qe2 Qd2 26. Qf1 Rd3 27. Nxe4 Bxe4 28.
Rd1 Rxe3 29. Rxd2 Rxc3 30. Qd1 Ne5 31. Bb2 Bf3 32. Rd8 Bxd1 33. Rxe8+ Kh7 34.
Bxc3 Nc6 35. Bg8+ Kg6 36. Re6+ 1-0

[Event "10th Philadelphia Open"]
[Site "Philadelphia"]
[Date "2016.03.24"]
[Round "2"]
[White "Chandra, Akshat"]
[Black "Ludwig, John"]
[Result "1-0"]
[WhiteElo "2491"]
[BlackElo "2319"]
[PlyCount "107"]
[EventDate "2016.03.??"]
[EventType "swiss"]
[EventRounds "9"]
[EventCountry "USA"]
[Source "MonRoi"]

1. e4 c5 2. Nf3 d6 3. Bb5+ Bd7 4. c4 Nc6 5. Nc3 g6 6. O-O Bg7 7. Bxc6 bxc6 8.
d4 cxd4 9. Nxd4 Nf6 10. c5 O-O 11. cxd6 exd6 12. Bf4 Re8 13. Re1 d5 14. exd5
Nxd5 15. Nxd5 cxd5 16. Rxe8+ Qxe8 17. Qd2 Qe4 18. Be3 Rc8 19. f3 Qe5 20. Rd1 a5
21. b3 a4 22. b4 a3 23. b5 Qc7 24. Rb1 Be5 25. f4 Bd6 26. b6 Qb8 27. Nb3 Rc4
28. Qxd5 Be6 29. Qd2 Bxf4 30. Bxf4 Rxf4 31. Nc5 Bf5 32. Na6 Qb7 33. Qxf4 Bxb1
34. Qb8+ Qxb8 35. Nxb8 Be4 36. Nd7 Kg7 37. Nc5 Bd5 38. b7 Bxb7 39. Nxb7 Kf6 40.
Nd6 Ke5 41. Nc4+ Kd4 42. Nxa3 Kc3 43. Nb5+ Kb4 44. Nd6 f5 45. Kf2 Ka3 46. Kf3
Kxa2 47. Kf4 Kb3 48. Nxf5 gxf5 49. Kxf5 Kc4 50. Kg5 Kd4 51. Kh6 Ke4 52. Kxh7
Kf4 53. Kg6 Kg4 54. g3 1-0

[Event "10th Philadelphia Open"]
[Site "Philadelphia"]
[Date "2016.03.24"]
[Round "2"]
[White "Kretchetov, Alexandre"]
[Black "Li, Ruifeng"]
[Result "0-1"]
[WhiteElo "2288"]
[BlackElo "2486"]
[PlyCount "78"]
[EventDate "2016.03.??"]
[EventType "swiss"]
[EventRounds "9"]
[EventCountry "USA"]
[Source "MonRoi"]

1. d4 Nf6 2. Bg5 Ne4 3. Bf4 d5 4. e3 Bf5 5. Bd3 e6 6. Nf3 Be7 7. O-O g5 8. Be5
f6 9. Bg3 Nc6 10. Bxe4 dxe4 11. Nfd2 h5 12. h3 h4 13. Bh2 Rg8 14. Qh5+ Kd7 15.
Qe2 g4 16. hxg4 Bxg4 17. f3 exf3 18. Nxf3 h3 19. Rf2 Qe8 20. Nbd2 Qh5 21. g3
Rad8 22. c3 Kc8 23. e4 Kb8 24. Kh1 f5 25. e5 Rg6 26. Nc4 f4 27. gxf4 Rxd4 28.
Raf1 Bxf3+ 29. Rxf3 Rg2 30. Qe3 Rxc4 31. Rxh3 Qe2 32. Rh8+ Bd8 33. Qxe2 Rxe2
34. Rd1 b5 35. Rhxd8+ Nxd8 36. Rxd8+ Kb7 37. Re8 Rc6 38. b4 Rxc3 39. Bg1 Rh3+
0-1

[Event "10th Philadelphia Open"]
[Site "Philadelphia"]
[Date "2016.03.24"]
[Round "2"]
[White "Helfst, Matt"]
[Black "Dougherty, Michael"]
[Result "0-1"]
[WhiteElo "1945"]
[BlackElo "2169"]
[PlyCount "54"]
[EventDate "2016.03.??"]
[EventType "swiss"]
[EventRounds "9"]
[EventCountry "USA"]
[Source "MonRoi"]

1. b3 e5 2. Bb2 d6 3. e3 g6 4. Nf3 Bg7 5. d4 Nd7 6. Be2 Nh6 7. O-O O-O 8. c4 e4
9. Nfd2 f5 10. Nc3 Re8 11. Qc2 c6 12. Rfe1 Nf6 13. d5 c5 14. f3 exf3 15. Bxf3
Nfg4 16. Bxg4 Nxg4 17. Nd1 Bxb2 18. Qxb2 Nxh2 19. Nf2 Ng4 20. Nxg4 fxg4 21. e4
Re5 22. Rf1 Qh4 23. b4 Rh5 24. Rf8+ Kxf8 25. Qh8+ Ke7 26. Rf1 Qh2+ 27. Kf2 Qe5
0-1